000 00498nam a22001817a 4500
999 _c100065
_d100065
005 20230529142027.0
010 _aENG-115147
020 _a9789385288289
_c299.00
035 _aEN-98679
037 _bDBAD/PUB
082 _aN
100 _aBalachandran, Indu
245 _aRunaway writers /
_cby Indu Balachandran
260 _aNew Delhi
_bSpeaking Tiger
_c2016
270 _a4381/4 Ansari Road, Daryaganj,
_bNew Delhi
_e110002
300 _avii,288p.
_c21cm(pbk)
942 _2ddc
_cEN
_mBAL
_hN